| 000 | 00462nam a2200169Ia 4500 | ||
|---|---|---|---|
| 008 | 230917s9999||||xx |||||||||||||| ||und|| | ||
| 020 | _cRS95 | ||
| 040 |
_e224989 _aMAIN |
||
| 041 | _aEnglish | ||
| 082 | _a301.04 Y11S | ||
| 100 | _aYadav, Ram Ganesh, ed. | ||
| 245 | 0 | _aSamajshastriya chintan ke adhaar | |
| 260 |
_aNew Delhi _bOrient Blackswan _c2014 |
||
| 300 | _ax, 161 p. | ||
| 500 | _a1973 13/02/2015 HBD6297 23/02/2015 Sociology UGC SAP | ||
| 942 | _cBK | ||
| 999 |
_c14757 _d14757 |
||